[Event "Bratislava-ch"]
[Site "Bratislava"]
[Date "2003.04.05"]
[Round "4"]
[White "Flak, Juraj"]
[Black "Kassovic, Jaroslav"]
[Result "1-0"]
[WhiteElo "1712"]
[BlackElo "1578"]
[PlyCount "43"]
[EventDate "2003.03.??"]
[EventType "swiss"]
[EventRounds "9"]
[EventCountry "SVK"]
[SourceTitle "EXT 2006"]
[Source "ChessBase"]
[SourceDate "2005.11.24"]
[SourceVersion "1"]
[SourceVersionDate "2005.11.24"]
[SourceQuality "1"]

1. e4 d6 2. d4 Nf6 3. Nc3 g6 4. Bg5 Bg7 5. e5 dxe5 6. dxe5 Qxd1+ 7. Rxd1 Ng4 8. h3 Nxe5 9. Nd5 0-0 10. Nxc7 Nbc6 11. Nxa8 Bf5 12. Nc7 h6 13. Bf4 Bxc2 14. Rd2 Bf5 15. Bxe5 Bxe5 16. Nb5 Rc8 17. Bd3 Bxd3 18. Rxd3 Bxb2 19. Rd2 Bf6 20. Ne2 a6 21. Na3 b5 22. Rc2 1-0

[Event "Bratislava-ch"]
[Site "Bratislava"]
[Date "2003.03.30"]
[Round "1"]
[White "Kassovic, Jaroslav"]
[Black "Kundrak, Vladimir"]
[Result "0-1"]
[WhiteElo "1578"]
[BlackElo "1861"]
[PlyCount "73"]
[EventDate "2003.03.??"]
[EventType "swiss"]
[EventRounds "9"]
[EventCountry "SVK"]
[SourceTitle "EXT 2006"]
[Source "ChessBase"]
[SourceDate "2005.11.24"]
[SourceVersion "1"]
[SourceVersionDate "2005.11.24"]
[SourceQuality "1"]

1. d4 Nf6 2. c4 g6 3. Nc3 Bg7 4. e4 d6 5. Nf3 0-0 6. Be2 e5 7. d5 Nbd7 8. 0-0 a5 9. Be3 h6 10. a3 Ng4 11. Bd2 Kh7 12. h3 Ngf6 13. b4 Nh5 14. Nh2 Nf4 15. Bxf4 exf4 16. Qc2 Ne5 17. c5 f5 18. f3 fxe4 19. fxe4 Qg5 20. Nf3 Nxf3+ 21. Bxf3 Bxh3 22. Rac1 Bd4+ 23. Kh1 Bd7 24. g4 Qh4+ 25. Qh2 Qxh2+ 26. Kxh2 axb4 27. axb4 Be5 28. cxd6 Bxd6 29. Ne2 Ra2 30. Ra1 Rxe2+ 31. Bxe2 f3+ 32. Kg1 fxe2 33. Rxf8 Bxf8 34. e5 Bxb4 35. Kf2 e1Q+ 36. Rxe1 Bxe1+ 37. Kxe1 0-1